|
|
|
|
| LEADER |
00000cam a2200000 7i4500 |
| 001 |
0000057458 |
| 005 |
20220105104204.0 |
| 008 |
151228 |
| 020 |
|
|
|a 9789833537495
|
| 090 |
0 |
0 |
|a JP
|b MAL
|
| 100 |
1 |
|
|a Ramuzam Dahlan
|
| 245 |
1 |
0 |
|a Hati batu
|c Ramuzam Dahlan
|
| 260 |
|
|
|a Selangor :
|b Eagle Publications ,
|c 2007
|
| 490 |
1 |
|
|a Siri mengenali simpulan bahasa
|
| 500 |
|
|
|a Children age 4-6 years old (yellow)
|
| 650 |
|
0 |
|a Junior preschool
|x Malay
|x Languages
|
| 999 |
|
|
|a 0001074442
|b Book
|c Children Collection
|e Cawangan Segamat
|
| 999 |
|
|
|a 0001129534
|b Book
|c Children Collection
|e Cawangan Pontian
|
| 999 |
|
|
|a 0001129536
|b Book
|c Children Collection
|e Cawangan Tangkak
|